02076 a2200181 45000010006000000050017000060080041000230030015000640400040000790800104001192450027002232500012002502640075002623000025003375051507003620410008018691000017018775456220260407155819.0260407a1980 arg spa dAR-UNSa-BCEJYS aAR-UNSa-BCEJYSbspacAR-UNSa-BCEJYS a330.1xCiencia económica. Conceptos fundamentales de teoría económica. Valor. Capital. Fondos10aAnálisis económico a7a. ed. 1aBuenos Aires :bEUDEBA (Editorial Universitaria de Buenos Aires)c1980 axvii, 653 p.c22 cm. aPrimera parte: Introducción - I. Naturaleza y funciones del sistema económico - II. Naturaleza y alcance de la teoría económica - III. Las unidades del sistema económico y la maximización de los objetivos - IV. Relaciones de mercado - Segunda parte: Teoría de la determinación de los precios y volúmenes de producción de mercancías - V. Demanda del consumidor - VI. Demanda dirigida a la empresa - VII. Teoría de la producción: Funciones de producción - VIII. Naturaleza y comportamiento de los costos - IX. Determinación del precio y del volumen de producción en condiciones de competencia pura - X. Diferenciación del producto y competencia monopólica - XI. Monopolio - XII. Oligopolio - Tercera parte: Teoría de la determinación del precio de los factores - XIII. Introducción a la teoría de los precios de los factores y de la distribución del ingreso - XIV. Determinación del salario en econdiciones de competencia pura - XV. Determinación del salario en mercados d etrabajo no puramente competitivos - XVI. Los bienes de capital y las decisiones de inversión - XVII. La teoría del interés - XVIII. Rentas y cuasi rentas - XIX. La teoría del beneficio - XX. El equilibrio general de la economía - Cuarta parte: Ingreso nacional - XXI. Las magnitudes del ingreso nacional - XXII. El nivel del ingreso nacional - XXIII. Cambios en el ingreso nacional - Quinta parte: Economía del bienestar - XXIV. Reseña de la economía del bienestar aspa1 aDue, John F.